LEADER 00882nam a2200265 i 4500 001 991001872859707536 005 20020503154450.0 008 001103s1963 it ||| | ita 035 $ab10284692-39ule_inst 035 $aEXGIL92899$9ExL 040 $aBiblioteca Interfacoltà$bita 082 0 $a248 100 1 $aMarcozzi, Vittorio$084451 245 10$aAscesi e psiche /$cVittorio Marcozzi 250 $a2. ed. riv. e notevolmente aum 260 $aBrescia :$bMorcelliana,$c1963 300 $a359 p. ;$c22 cm. 650 4$aAscetica 650 4$aDirezione spirituale 907 $a.b10284692$b02-04-14$c27-06-02 912 $a991001872859707536 945 $aLE002 Ps. II A 16$g1$i2002000554789$lle002$o-$pE0.00$q-$rl$s- $t0$u0$v0$w0$x0$y.i10337192$z27-06-02 996 $aAscesi e psiche$9162648 997 $aUNISALENTO 998 $ale002$b01-01-00$cm$da $e-$fita$git $h0$i1 LEADER 02819 am 22005893u 450 001 9910772077903321 005 20200406050111.0 010 $a3-11-066058-X 024 7 $a10.1515/9783110660586 035 $a(CKB)4100000009185790 035 $a(OAPEN)1006617 035 $a(DE-B1597)522304 035 $a(OCoLC)1121057323 035 $a(DE-B1597)9783110660586 035 $a(MiAaPQ)EBC6637407 035 $a(Au-PeEL)EBL6637407 035 $a(oapen)https://directory.doabooks.org/handle/20.500.12854/33983 035 $a(EXLCZ)994100000009185790 100 $a20200406h20192019 fg 101 0 $aeng 135 $auuuuu---auuuu 181 $ctxt$2rdacontent 182 $cc$2rdamedia 183 $acr$2rdacarrier 200 10$aStaging Doubt $eSkepticism in Early Modern European Drama /$fLeonie Pawlita 210 $aBerlin/Boston$cDe Gruyter$d2019 210 1$aBerlin ;$aBoston : $cDe Gruyter, $d[2019] 210 4$d©2019 215 $a1 online resource (381) 311 $a3-11-066055-5 327 $tFrontmatter -- $tAcknowledgments -- $tContents -- $tIntroduction -- $t1. Skepticism in the Philosophical Tradition -- $t2. On Skepticism in Shakespeare's Hamlet -- $t3. Aspects of Skepticism in Calderón's La vida es sueño -- $t4. Aspects of Skepticism in the Genesius Plays by Lope de Vega and Jean de Rotrou -- $t5. Cervantes, Entremés del Retablo de las maravillas -- $tConclusions -- $tReferences 330 $aThis volume considers the influential revival of ancient philosophical skepticism in the 16th and early 17th centuries and investigates, from a comparative perspective, its reception in early modern English, Spanish and French drama, dedicating detailed readings to plays by Shakespeare, Calderón, Lope de Vega, Rotrou, Desfontaines, and Cervantes. While all the plays employ similar dramatic devices for "putting skepticism on stage", the study explores how these dramas, however, give different "answers" to the challenges posed by skepticism in relation to their respective historico-cultural and "ideological" contexts. 606 $aLiterature: history & criticism$2bicssc 606 $aLiterary studies: plays & playwrights$2bicssc 610 $aCalderón de la Barca. 610 $aCervantes. 610 $aDrama. 610 $aEarly Modern Literature. 610 $aJean de Rotrou. 610 $aLope de Vega. 610 $aShakespeare. 610 $aSkepticism. 615 7$aLiterature: history & criticism 615 7$aLiterary studies: plays & playwrights 676 $a809.20094 700 $aPawlita$b Leonie, $4aut$4http://id.loc.gov/vocabulary/relators/aut$0944493 801 0$bDE-B1597 801 1$bDE-B1597 906 $aBOOK 912 $a9910772077903321 996 $aStaging Doubt$92132094 997 $aUNINA